Maîtres de Guildes dans Fairy Tail - Statistiques

Statistiques générales
  • Ce quiz a été pris 16 fois
  • Le résultat moyen est 16 sur 31
Statistiques - réponses
Guilde Maître % Correct
Blue Pegasus Bob
91%
Fairy Tail Erza Scarlett
91%
Crime Sorcière Gerald Fernandez
91%
Grimoire Heart Hadès
91%
Fairy Tail Macao Combolto
91%
Fairy Tail Makarof Draer
91%
Fairy Tail Mavis Vermillion
91%
Fairy Tail Precht Gaebolg
91%
Oracion Seis Brain
82%
Fairy Tail Gildarts Clive
82%
Phantom Lord José Pora
82%
Saber Tooth Sting Youclif
82%
Nouvelle Oracion Seis Brain II
64%
Saber Tooth Jienma Orlando
64%
Lamia Scale Ohba Baba
64%
Quattro Cerberos Golmine
55%
Tartaros END/Mald Gheel
45%
Raven Tail Iwan Draer
36%
Cait Shelter Lowbawl
27%
Orochi's Fin Bluenote Stinger
18%
Magia Dragon Elefseria
18%
Diabolos Georg Risen
18%
Fire & Flame Ignia
18%
Red Lizard Jiself
18%
Diabolos Serenne Gesshin
18%
Five Bridge Familia Drum Bee
9%
Blue Skull Geoffrey
9%
Phantom Lord Geoffrey
9%
Chrono Noise Nez Booms
9%
Harpuia Racer
9%
Twilight Ogre Banabooster
0%
Aucun quiz correspondant
Distribution des résultats
% des personnes avec chaque résultat
Percentile par nombre de réponses
Votre historique - résultats
Vous n’avez pas pris ce quiz